[Event "Mechanics' Summer TNM; G/2 d5"]
[Site "San Francisco"]
[Date "2018.07.10"]
[Round "7.5"]
[White "O'Connor, Derek"]
[Black "Maser, Thomas F"]
[Result "1-0"]
[WhiteElo "2329"]
[BlackElo "1900"]
[PlyCount "51"]
[EventDate "2018.??.??"]
[Source "ChessBase"]
[SourceDate "2007.09.04"]

1. d4 Nf6 2. c4 e6 3. Nc3 Bb4 4. Qc2 c5 5. dxc5 Bxc5 6. Nf3 O-O 7. Bf4 Nc6 8.
e3 h6 9. h3 Qe7 10. a3 d5 11. cxd5 exd5 12. Be2 Be6 13. O-O Rac8 14. Rfd1 Rfd8
15. Qa4 a6 16. Rac1 Bd6 17. Bxd6 Rxd6 18. Nd4 b5 19. Nxc6 Rdxc6 20. Qf4 Ne4 21.
Na2 Rxc1 22. Nxc1 Qc5 23. Bd3 Qc7 24. Qxc7 Rxc7 25. Nb3 $11 {Maybe if I let it
run for a while, Stockfish will notice that White's advantage, small as it is,
just never goes away. But that doesn't justify} Nc5 $4 26. Rc1 1-0

[Event "Mechanics' Summer TNM; G/2 d/5"]
[Site "San Francisco"]
[Date "2018.05.29"]
[Round "1.1"]
[White "O'Connor, Derek"]
[Black "Mays, Jerry L"]
[Result "1-0"]
[WhiteElo "2329"]
[BlackElo "1700"]
[PlyCount "65"]
[EventDate "2018.??.??"]
[Source "ChessBase"]
[SourceDate "2007.09.04"]

1. d4 d6 2. Nf3 g6 3. c4 Bg7 4. g3 Nf6 5. Bg2 O-O 6. O-O Nbd7 7. Nc3 c5 8. d5
Rb8 9. h3 a6 10. a4 Nb6 11. Qd3 Nfd7 12. Bd2 Ne5 13. Nxe5 Bxe5 14. Kh2 Bg7 15.
b3 Nd7 16. e4 f5 17. Rae1 Ne5 18. Qe2 fxe4 19. Nxe4 Bf5 20. Bc3 Bxe4 21. Qxe4
Nf3+ 22. Bxf3 Bxc3 23. Re2 Rf6 24. Bg4 Be5 25. f4 Qf8 26. Rfe1 h5 27. Be6+ Kh8
28. fxe5 Rf2+ 29. Kg1 Rxe2 30. Rxe2 Qg7 31. Rf2 dxe5 32. Rf7 Qh6 33. Qxe5+ 1-0

[Event "Mechanics' Summer TNM; G/2 d/5"]
[Site "San Francisco"]
[Date "2018.06.12"]
[Round "3.1"]
[White "O'Connor, Derek"]
[Black "Melville, Cailen"]
[Result "1-0"]
[WhiteElo "2329"]
[BlackElo "1959"]
[Annotator "Winslow,Elliott"]
[PlyCount "53"]
[EventDate "2018.??.??"]
[Source "ChessBase"]
[SourceDate "2007.09.04"]

1. g3 e5 2. c4 {A la Roger Poehlmann, not allowing e5 and d5 so easily.} Nc6 (
2... c6 $5) (2... Nf6) 3. Bg2 f5 (3... Nf6) (3... g6) 4. Nc3 Nf6 5. d3 (5. e3)
5... Bb4 6. Nf3 (6. Bd2) 6... d5 $2 {Dude. This is a Grand Prix Attack (well,
minus a tempo because you're playing it with Black). This is a Bad Idea.} 7.
cxd5 Nxd5 8. Bd2 (8. O-O $1 Nxc3 9. bxc3 Bxc3 10. Rb1 {
Black may ever develop.. .}) 8... Be6 $6 (8... Nxc3 9. bxc3 Bd6 10. Qb3 Qf6 11.
Rb1 Rb8 12. O-O Be6 13. c4 O-O 14. Ng5 {is better than the game}) 9. O-O Be7
10. Rc1 $6 $11 (10. Qb3 $1 $16 {Dragon 101}) 10... O-O (10... Nb6 {
Also Dragon 101}) 11. Na4 (11. Qb3 e4 12. dxe4 fxe4 13. Nxe4 Nf4) 11... Rb8 (
11... e4 12. Ne1 Nf6) 12. Nc5 Bxc5 13. Rxc5 Qd6 14. Ng5 b6 15. Rc1 (15. Nxe6
bxc5 16. Nxf8 Kxf8 17. b3) 15... Nd8 $6 (15... Rbd8) 16. Qb3 Nf4 $2 (16... Ne7
17. Nxe6 Nxe6 18. Rxc7 $1 $16 Qxc7 19. Qxe6+ Rf7 20. Rc1 Qd8 21. Qxe5) 17. Nxe6
Nxe2+ (17... Nfxe6 18. d4 $1 exd4 $2 19. Bf4 $18) 18. Kh1 Nxc1 (18... Nxe6 19.
Rc6 N2d4 20. Rxd6 Nxb3 21. Rxe6 Nxd2 22. Rd1) 19. Rxc1 Nxe6 20. Rc6 Qd4 21. Be3
Qg4 22. h3 Qh5 23. Qxe6+ Kh8 24. Qxe5 Qd1+ 25. Kh2 Rbe8 26. Qc3 Rd8 27. Rxc7
1-0

[Event "Mechanics' Spring TNM; G/2 d5"]
[Site "San Francisco"]
[Date "2018.03.27"]
[Round "2.3"]
[White "O'Connor, Derek"]
[Black "Ochoa, Jason"]
[Result "1-0"]
[WhiteElo "2305"]
[BlackElo "1800"]
[PlyCount "91"]
[EventDate "2018.??.??"]
[Source "ChessBase"]
[SourceDate "2007.09.04"]

1. d4 Nf6 2. c4 c5 3. d5 e6 4. Nc3 exd5 5. cxd5 d6 6. e4 g6 7. f4 Bg7 8. Bb5+
Nfd7 9. a4 O-O 10. Nf3 a6 11. Bd3 Re8 12. O-O Nf6 13. h3 Nbd7 14. Re1 Rb8 15.
Be3 Qc7 16. Nd2 c4 17. Bxc4 Nc5 18. Bf2 Nfxe4 19. Ncxe4 Nxe4 20. Nxe4 Rxe4 21.
Rxe4 Bf5 22. Bd3 Bxe4 23. Bxe4 Bxb2 24. Rb1 Bf6 25. Qc2 Qd7 26. Rc1 Bd8 27. Bd4
f5 28. Bf3 b5 29. Ba1 Qa7+ 30. Kh1 Qe3 31. Rb1 (31. Qb2) 31... b4 32. Qb2 Kf7
33. Qg7+ Ke8 34. Qh8+ Kd7 35. Qxh7+ Kc8 36. Qxg6 Qxf4 37. Qe6+ Kb7 38. Qd7+ Ka8
39. Qc6+ Ka7 40. Be2 Bb6 41. a5 Qe4 42. Re1 Qh4 43. Rd1 Qe4 44. Bd4 Rb7 45.
Bxb6+ Ka8 46. Qc8+ 1-0

[Event "Mechanics' Winter TNM; G/2 d5"]
[Site "San Francisco"]
[Date "2018.01.09"]
[Round "1.3"]
[White "O'Connor, Derek"]
[Black "Touset, Stephen Ka"]
[Result "1-0"]
[WhiteElo "2275"]
[BlackElo "1574"]
[PlyCount "71"]
[EventDate "2018.??.??"]
[Source "ChessBase"]
[SourceDate "2007.09.04"]

1. d4 Nf6 2. c4 c5 3. Nf3 g6 4. Nc3 cxd4 5. Nxd4 Bg7 6. g3 Nc6 7. Bg2 O-O 8.
Nc2 d6 9. O-O Be6 10. b3 Qd7 11. Re1 a6 12. Bb2 Ne8 13. Qc1 Nc7 14. Nd5 Bxb2
15. Qxb2 Bxd5 16. cxd5 Ne5 17. f4 Ng4 18. h3 Nf6 19. e4 Rac8 20. Ne3 h6 21.
Rad1 Nxe4 22. Bxe4 Qxh3 23. Qg2 Qxg2+ 24. Kxg2 f5 25. Bd3 h5 26. Rc1 Na8 27. a4
Rc7 28. a5 Rfc8 29. Rxc7 Rxc7 30. Nc4 Kf7 31. Kf3 Rc5 32. b4 Rc8 33. Ke3 Ke8
34. Kd4 Kd7 35. Re6 Rg8 36. Rxg6 1-0

[Event "Mechanics' Winter TNM; G/2 d5"]
[Site "San Francisco"]
[Date "2018.02.13"]
[Round "6.2"]
[White "O'Connor, Derek"]
[Black "Tsodikova, Natalia"]
[Result "1-0"]
[WhiteElo "2275"]
[BlackElo "2191"]
[Annotator "Donaldson"]
[PlyCount "105"]
[EventDate "2018.??.??"]
[Source "ChessBase"]
[SourceDate "2007.09.04"]

1. d4 Nf6 2. c4 g6 3. g3 Bg7 4. Bg2 O-O 5. Nc3 d6 6. Nf3 Nc6 7. O-O a6 8. Bf4
Rb8 9. Rc1 Nh5 10. Bg5 h6 11. Be3 e6 12. Qd2 Kh7 13. d5 Ne7 14. dxe6 Bxe6 15.
Ba7 Ra8 16. Bd4 Nf6 (16... Bxc4 $2 17. Bxg7 Nxg7 18. Ne4 $18) 17. Bxf6 Bxf6 18.
Nd4 Bc8 19. Rfd1 Rb8 20. Nd5 Bg7 21. e3 Nf5 22. b3 Nxd4 23. exd4 c6 24. Nf4 Qf6
25. h3 Bf5 26. Ne2 Rfe8 27. Nc3 Re7 28. g4 Bd7 29. Ne4 Qh4 30. Nxd6 h5 31. Rc3
hxg4 32. hxg4 Bxg4 $17 33. f3 Bh5 34. Qf2 Qxf2+ 35. Kxf2 c5 36. Re3 Bxd4 37.
Rxd4 Rxe3 38. Kxe3 cxd4+ 39. Kxd4 f5 (39... Kg7) 40. f4 g5 41. Ke5 gxf4 42.
Kxf4 b6 43. b4 Bd1 44. Bb7 a5 45. c5 bxc5 46. bxc5 Ba4 47. Kxf5 Bd7+ $2 (47...
Rf8+ 48. Ke5 Rf2 $11) 48. Ke5 Rg8 49. c6 Bh3 50. c7 Rg5+ 51. Kd4 Rg4+ $2 (51...
Rg1) 52. Be4+ Kg7 53. Nf5+ 1-0

[Event "Mechanics' Spring TNM; G/2 d5"]
[Site "San Francisco"]
[Date "2018.05.08"]
[Round "8.2"]
[White "O'Connor, Derek"]
[Black "Walder, Michael S"]
[Result "1-0"]
[WhiteElo "2305"]
[BlackElo "2117"]
[PlyCount "65"]
[EventDate "2018.??.??"]
[Source "ChessBase"]
[SourceDate "2007.09.04"]

1. d4 Nf6 2. c4 e6 3. Nf3 Bb4+ 4. Nbd2 O-O 5. a3 Be7 6. e4 d5 7. e5 Nfd7 8.
cxd5 exd5 9. Bd3 c5 10. O-O Nc6 11. Re1 cxd4 12. b4 f6 13. exf6 Bxf6 14. Qc2 g6
15. Bb2 Nde5 16. b5 Nxd3 17. Qxd3 Bf5 18. Qf1 Qb6 19. h3 Rae8 20. Rxe8 Rxe8 21.
Nb3 Bc2 22. bxc6 Bxb3 23. cxb7 Bc2 24. Qc1 d3 25. Bxf6 Qxf6 26. Ra2 Qc3 $4 (
26... Rb8 27. Rb2 Qe7 $11) 27. Rb2 Qc7 28. Qe3 Rb8 29. Qxa7 Kf8 30. Qd4 Ke7 31.
Qg7+ Kd6 32. Qe5+ Kd7 33. Qxd5+ 1-0

[Event "Mechanics' Summer TNM; G/2 d/5"]
[Site "San Francisco"]
[Date "2018.06.12"]
[Round "3.40"]
[White "Ochoa, Jason"]
[Black "Casares, Nick"]
[Result "1-0"]
[WhiteElo "1773"]
[BlackElo "1600"]
[PlyCount "121"]
[EventDate "2018.??.??"]
[Source "ChessBase"]
[SourceDate "2007.09.04"]

1. c4 e5 2. g3 Nf6 3. Bg2 Bc5 4. Nc3 c6 5. d3 Bb6 6. Nf3 Bc7 7. O-O O-O 8. Bg5
h6 9. Bxf6 Qxf6 10. Ne4 Qe7 11. Qd2 f5 12. Nc3 d6 13. Nh4 Kh7 14. Rab1 Nd7 15.
e4 f4 16. Nf5 Qg5 17. h4 Qf6 18. gxf4 g6 19. fxe5 dxe5 20. Qxh6+ Kg8 21. Ne3
Nc5 22. Ncd5 cxd5 23. Nxd5 Qg7 24. Qxg7+ Kxg7 25. Nxc7 Rb8 26. Rbd1 Rf7 27. Nd5
Ne6 28. d4 Nxd4 29. f4 Ne2+ 30. Kh2 exf4 31. Rd2 Bg4 32. Rf2 f3 33. Bh3 Bh5 34.
e5 Nf4 35. e6 Nxh3 36. Kxh3 Rf5 37. e7 Re8 38. Kg3 Kf7 39. Rd4 g5 40. hxg5
Rxg5+ 41. Kh4 Rf5 42. Rf4 Rxf4+ 43. Nxf4 Bg6 44. Nxg6 Kxg6 45. Rxf3 Rxe7 46.
Kg3 Rf7 47. Kf2 Rxf3+ 48. Kxf3 Kf5 49. Ke3 Ke5 50. Kd3 a5 51. a3 a4 52. Kc3 b6
53. Kb4 Kd4 54. c5 bxc5+ 55. Kxa4 Kc4 56. b4 cxb4 57. axb4 Kd5 58. Kb5 Kd6 59.
Kb6 Kd7 60. b5 Kc8 61. Ka7 1-0

[Event "Mechanics' Spring TNM; G/2 d5"]
[Site "San Francisco"]
[Date "2018.04.17"]
[Round "5.28"]
[White "Ochoa, Jason"]
[Black "Casares Jr, Nick"]
[Result "1-0"]
[WhiteElo "1800"]
[BlackElo "1600"]
[PlyCount "91"]
[EventDate "2018.??.??"]
[Source "ChessBase"]
[SourceDate "2007.09.04"]

1. Nf3 d5 2. g3 c5 3. Bg2 Nc6 4. O-O e5 5. b3 Be7 6. Bb2 f6 7. e3 Be6 8. d4 e4
9. Ne1 Qd7 10. Nd2 Bh3 $4 11. Qh5+ g6 12. Qxh3 f5 13. f3 Bg5 14. f4 Be7 15.
dxc5 Nf6 16. Rd1 O-O-O 17. Nc4 Qe6 18. Ne5 Bxc5 19. Bd4 Nxd4 20. exd4 Bd6 21.
c4 Bxe5 22. fxe5 Ng4 23. Rc1 Kb8 24. c5 Qa6 25. Rc2 $2 Ne3 26. Rff2 Nxc2 27.
Rxc2 h5 28. Bf1 Qa5 29. Re2 f4 30. gxf4 Rhf8 31. e6 Rxf4 32. Qg3 Qc7 33. Ng2
Rg4 34. Qxc7+ Kxc7 35. Kh1 Re8 36. Ne3 Rg5 37. h4 Rg3 38. Nxd5+ Kc6 39. Nb4+
Kc7 40. d5 Rc3 41. d6+ Kb8 42. e7 Kc8 43. Kh2 Rxc5 44. Bh3+ Rf5 45. Bxf5+ gxf5
46. Nd5 1-0

[Event "Mechanics' Spring TNM; G/2 d5"]
[Site "San Francisco"]
[Date "2018.04.03"]
[Round "3.25"]
[White "Ochoa, Jason"]
[Black "Donaldson, Kyle"]
[Result "1-0"]
[WhiteElo "1800"]
[BlackElo "1518"]
[PlyCount "75"]
[EventDate "2018.??.??"]
[Source "ChessBase"]
[SourceDate "2007.09.04"]

1. Nf3 d5 2. c4 c6 3. b3 Nf6 4. Bb2 Bf5 5. d3 Nbd7 6. g3 e6 7. Bg2 Be7 8. O-O
O-O 9. Nbd2 Ne8 10. h3 Bf6 11. Qc2 Bxb2 12. Qxb2 f6 13. Nh4 Nd6 14. e4 dxe4 15.
dxe4 Bg6 16. Nxg6 hxg6 17. f4 Qb6+ 18. Kh2 Kf7 19. Rad1 Ke7 {Diagram [#]} 20.
Rf3 (20. e5 $1) 20... Rad8 21. Qc2 e5 22. Nf1 Rh8 23. Qe2 Nf7 24. Ne3 Nc5 25.
Rxd8 Qxd8 26. Ng4 Qd7 27. Rf1 Nh6 28. Nxh6 gxh6 29. fxe5 fxe5 30. Qf2 Qd6 31.
Qf7+ Kd8 32. Rf6 Qe7 33. Qxg6 Nd7 34. Rf7 Qe8 35. Qg7 Nc5 36. b4 Ne6 37. Qf6+
Kc8 38. Re7 1-0

[Event "Mechanics' Spring TNM; G/2 d5"]
[Site "San Francisco"]
[Date "2018.04.24"]
[Round "6.21"]
[White "Ochoa, Jason"]
[Black "Hope, Frederick"]
[Result "1-0"]
[WhiteElo "1800"]
[BlackElo "1536"]
[PlyCount "69"]
[EventDate "2018.??.??"]
[Source "ChessBase"]
[SourceDate "2007.09.04"]

1. c4 Nf6 2. Nf3 g6 3. g3 Bg7 4. Bg2 O-O 5. O-O d6 6. Nc3 Nbd7 7. d3 c6 8. e4
a5 9. h3 Nc5 10. Bg5 a4 11. Re1 h6 12. Be3 a3 13. b3 Nfd7 14. d4 f5 15. exf5
gxf5 16. dxc5 Bxc3 17. Bxh6 Rf6 18. cxd6 Bxe1 (18... Rxh6 19. dxe7 Qe8 20. Qc1
Bxe1 21. Qxh6 Bb4 22. Qg5+ Kf7 23. Qxf5+) (18... Bb4) 19. Qc1 Bb4 20. Qg5+ Kf7
21. Qg7+ Ke8 22. Qg8+ Nf8 23. Bxf8 Rxf8 (23... Be6 $1) 24. Qg6+ Rf7 25. Ne5 Be6
$2 (25... Qxd6 26. Qxf7+ Kd8) 26. Qxe6 Rg7 27. d7+ Kf8 28. Qxf5+ Kg8 29. Qe6+
Kf8 30. Rd1 Bd6 31. Rd3 Bxe5 32. Qxe5 Kg8 33. Qe6+ Kh8 34. Be4 Qa5 35. Bf5 1-0

[Event "Mechanics' Summer TNM; G/2 d/5"]
[Site "San Francisco"]
[Date "2018.06.05"]
[Round "2.32"]
[White "Ochoa, Jason"]
[Black "James, Charles"]
[Result "0-1"]
[WhiteElo "1773"]
[BlackElo "1405"]
[PlyCount "64"]
[EventDate "2018.??.??"]
[Source "ChessBase"]
[SourceDate "2007.09.04"]

1. c4 e5 2. Nf3 Nc6 3. e4 Nf6 4. Nc3 Bc5 5. Be2 a6 6. O-O d6 7. d3 O-O 8. Bg5
h6 9. Bh4 g5 10. Bg3 Nh5 11. Nxe5 Nxg3 12. Nxc6 Nxe2+ 13. Qxe2 bxc6 14. Qh5 Kh7
15. Kh1 Qf6 16. e5 Qxe5 17. Rae1 Qg7 18. Ne4 Bd4 19. f4 Bf6 20. fxg5 Bxg5 21.
h4 Be7 22. Rf4 Bd7 23. Re3 Qg6 24. Qe2 f5 25. Rg3 Qe6 26. Re3 Qf7 27. Nc5 Bf6
28. Nxd7 Qxd7 29. Qh5 Be5 30. Rf1 Rae8 31. Ref3 f4 32. g3 Qh3+ 0-1

[Event "Mechanics' Spring TNM; G/2 d5"]
[Site "San Francisco"]
[Date "2018.03.20"]
[Round "1.27"]
[White "Ochoa, Jason"]
[Black "Soffer, Aaron"]
[Result "1-0"]
[WhiteElo "1800"]
[BlackElo "1255"]
[PlyCount "113"]
[EventDate "2018.??.??"]
[Source "ChessBase"]
[SourceDate "2007.09.04"]

1. c4 Nf6 2. Nf3 g6 3. g3 Bg7 4. Bg2 O-O 5. O-O d6 6. Nc3 c5 7. d3 Nc6 8. h3 a6
9. e4 Nd4 10. Nxd4 cxd4 11. Ne2 Qb6 12. f4 e6 13. Kh2 Bd7 14. b3 Bc6 15. Bb2 e5
16. Qd2 Nh5 17. f5 gxf5 18. Rxf5 Nf6 19. Qg5 Qd8 20. Raf1 Ne8 21. Qh5 Nf6 22.
Qh4 Ne8 23. Qh5 Nf6 24. Qf3 Nd7 25. Rxf7 Rxf7 26. Qxf7+ Kh8 27. Rf5 Nf6 28. Rg5
Qf8 29. Qxf8+ Rxf8 30. Ba3 Ne8 31. Rf5 Rg8 32. Rf7 Bh6 33. h4 Be3 34. Bh3 b5
35. Bf5 Rg7 36. Rf8+ Rg8 37. Rxg8+ Kxg8 38. Be6+ Kg7 39. cxb5 Bxb5 40. Bc4 Bxc4
41. bxc4 Kh6 42. g4 Bf2 43. Kh3 Kg6 44. Ng3 Bxg3 45. Kxg3 h6 46. h5+ Kf6 47.
Bc1 Kg7 48. Kh4 Nf6 49. Bxh6+ Kxh6 50. g5+ Kg7 51. gxf6+ Kxf6 52. Kg4 Kg7 53.
Kf5 Kf7 54. h6 Kg8 55. Ke6 Kh7 56. Kxd6 Kxh6 57. Kxe5 1-0

[Event "Mechanics' Shipman TNM; G/2 d/5"]
[Site "San Francisco"]
[Date "2018.09.25"]
[Round "8.38"]
[White "Olson, David R"]
[Black "Allen, Tom Carter"]
[Result "1-0"]
[WhiteElo "1416"]
[BlackElo "1400"]
[PlyCount "64"]
[EventDate "2018.??.??"]
[Source "ChessBase"]
[SourceDate "2007.09.04"]

1. Nf3 Nc6 2. c4 e5 3. d3 Nf6 4. g3 Bc5 5. h3 d5 6. cxd5 Nxd5 7. a3 O-O 8. Bg2
Re8 9. b4 Bd4 10. Nxd4 exd4 11. Bb2 Nf6 12. O-O Be6 13. Nd2 Bd5 14. Nf3 Qd7 15.
Kh2 Re7 16. b5 Bxf3 17. bxc6 Bxc6 18. Bxc6 bxc6 19. Rc1 Rb8 20. Ba1 Qd6 21. a4
c5 22. Qd2 Nd5 23. Rc4 Nb6 24. Rc2 Nxa4 25. Rfc1 Rbe8 26. Re1 Nb6 27. e4 dxe3
28. Rxe3 Nd7 29. Rxe7 Rxe7 30. Qg5 f6 31. Qd2 Ne5 32. Qd1 Qxd3 {Both scoresheet
s have "White won" circled, one has "1-0" and "resign" in the Black column --
there is no hint of time trouble. I don't get it.} 1-0

[Event "Mechanics' Summer TNM; G/2 d/5"]
[Site "San Francisco"]
[Date "2018.06.26"]
[Round "5.26"]
[White "Olson, David R"]
[Black "Babayan, Gagik"]
[Result "0-1"]
[WhiteElo "1400"]
[BlackElo "1752"]
[PlyCount "88"]
[EventDate "2018.??.??"]
[Source "ChessBase"]
[SourceDate "2007.09.04"]

1. Nf3 Nf6 2. c4 e6 3. g3 d5 4. cxd5 exd5 5. Bg2 Be7 6. O-O O-O 7. d3 b6 8. Ne5
Bb7 9. Qc2 c5 10. Nd2 Nc6 11. Nxc6 Bxc6 12. Nf3 Bd6 13. Nd4 Bd7 14. Nf3 h6 15.
Bd2 Re8 16. Rfe1 Bc6 17. Qc1 Bf8 18. b3 d4 19. e4 Rc8 20. Nh4 Kh7 21. f4 g6 22.
f5 Ng4 23. Rf1 g5 24. Nf3 f6 25. h4 Ne5 26. hxg5 Nxf3+ 27. Bxf3 hxg5 28. Bh5
Re7 29. Bg6+ Kg7 30. Bxg5 Rxe4 31. dxe4 fxg5 32. Qc4 Qd7 33. Qe6 Qxe6 34. fxe6
Kxg6 35. e5 Bg7 36. Rae1 Re8 37. Rf7 Rxe6 38. Rxa7 g4 39. Rf1 d3 40. Rd1 Be4
41. Ra6 Bxe5 42. Kf2 Bd4+ 43. Ke1 Bf3+ 44. Kd2 Bxd1 0-1

[Event "Mechanics' Bedjanian TNM; G/2 d/5"]
[Site "San Francisco"]
[Date "2018.12.18"]
[Round "9.35"]
[White "Olson, David R"]
[Black "Casares Jr, Nick"]
[Result "0-1"]
[WhiteElo "1400"]
[BlackElo "1600"]
[PlyCount "82"]
[EventDate "2018.??.??"]
[Source "ChessBase"]
[SourceDate "2007.09.04"]

1. c4 e5 2. g3 Nf6 3. Nf3 Nc6 4. Bg2 Be7 5. O-O d6 6. Nc3 Be6 7. b3 h6 8. e3
Qd7 9. Bb2 Bh3 10. Nd5 Bxg2 11. Nxf6+ Bxf6 12. Kxg2 g5 13. d4 g4 14. dxe5 gxf3+
15. Qxf3 Bxe5 16. Bxe5 dxe5 17. Qf6 Rh7 18. Rad1 Qe7 19. Qf5 f6 20. Rd2 Rd8 21.
Rd5 Rxd5 22. cxd5 Nb4 23. e4 Nc2 24. Rc1 Nd4 25. Qc8+ Qd8 26. Qxb7 Rg7 27. Qxa7
Ne2 28. Rc4 Nf4+ 29. Kf1 Qc8 30. Rb4 Qh3+ 31. Ke1 Nd3+ 32. Ke2 Nxb4 33. Qb8+
Kf7 34. Qxb4 Qxh2 35. Ke3 h5 36. a4 h4 37. gxh4 Qf4+ 38. Ke2 Rg2 39. Qc5 Qxe4+
40. Kf1 Rh2 41. Qxc7+ Kg6 0-1

[Event "Mechanics' Bedjanian TNM; G/2 d/5"]
[Site "San Francisco"]
[Date "2018.12.11"]
[Round "8.33"]
[White "Olson, David R"]
[Black "Cheng, Andrew"]
[Result "0-1"]
[WhiteElo "1400"]
[BlackElo "1366"]
[PlyCount "56"]
[EventDate "2018.??.??"]
[Source "ChessBase"]
[SourceDate "2007.09.04"]

1. c4 e5 2. Nf3 Nc6 3. g3 Nf6 4. Bg2 Bc5 5. e3 O-O 6. O-O Re8 7. d4 exd4 8.
exd4 Bf8 9. Bg5 h6 10. Bd2 d5 11. c5 Bg4 12. h3 Bh5 13. Nc3 Nxd4 14. Bxh6 Nxf3+
15. Bxf3 Bxf3 16. Qxf3 gxh6 17. Rad1 c6 18. b4 a5 19. a3 axb4 20. axb4 Bg7 21.
g4 Re6 22. h4 Qe7 23. Rd2 Ne4 24. Nxe4 Rxe4 25. Qg3 Rxb4 26. g5 h5 27. Qf3 Rg4+
28. Kh2 Raa4 0-1

[Event "Mechanics' Summer TNM; G/2 d/5"]
[Site "San Francisco"]
[Date "2018.07.03"]
[Round "6.29"]
[White "Olson, David R"]
[Black "Cohee, James"]
[Result "0-1"]
[WhiteElo "1400"]
[BlackElo "1613"]
[PlyCount "68"]
[EventDate "2018.??.??"]
[Source "ChessBase"]
[SourceDate "2007.09.04"]

1. Nf3 Nf6 2. c4 c5 3. g3 b6 4. Bg2 Bb7 5. O-O g6 6. Nc3 Bg7 7. d4 cxd4 8. Nxd4
Bxg2 9. Kxg2 O-O 10. e4 d6 11. Qf3 Na6 12. a3 Qd7 13. b4 Rac8 14. Qd3 Nb8 15.
b5 Qb7 16. Kg1 Nfd7 17. Bd2 Ne5 18. Qe2 Nxc4 19. Nc6 Nxd2 20. Qxd2 Nxc6 21.
bxc6 Rxc6 22. Rac1 Rfc8 23. Qd5 Bxc3 24. Rxc3 Qc7 25. Rf3 e6 26. Qg5 Rc3 27.
Rf4 Rxa3 28. h4 Ra5 29. Qf6 e5 30. h5 exf4 31. h6 Qc3 32. Qxf4 Rh5 33. Kg2 Qe5
34. Qg4 f5 0-1

[Event "Mechanics' Shipman TNM; G/2 d/5"]
[Site "San Francisco"]
[Date "2018.08.21"]
[Round "3.25"]
[White "Olson, David R"]
[Black "Gossiaux, Ryan"]
[Result "0-1"]
[WhiteElo "1416"]
[BlackElo "1703"]
[PlyCount "52"]
[EventDate "2018.??.??"]
[Source "ChessBase"]
[SourceDate "2007.09.04"]

1. Nf3 Nf6 2. c4 g6 3. g3 d5 4. cxd5 Nxd5 5. e4 Nf6 6. e5 Nd5 7. d4 Bg7 8. Bg2
O-O 9. O-O c5 10. Re1 cxd4 11. Nxd4 e6 12. Na3 Bd7 13. Nc4 Qc7 14. Nd6 a6 15.
f4 Nc6 16. a3 Nxd4 17. Qxd4 {Diagram [#]} Qxd6 $1 18. Bd2 Qb6 19. Be3 Qxd4 20.
Bxd4 Rac8 21. Rac1 Rxc1 22. Rxc1 Rc8 23. Rd1 Ba4 24. Rd3 Rc1+ 25. Kf2 Rc2+ 26.
Kf3 Bc6 0-1

[Event "Mechanics' Bedjanian TNM; G/2 d/5"]
[Site "San Francisco"]
[Date "2018.10.23"]
[Round "1.22"]
[White "Olson, David R"]
[Black "Krasnov, Steven"]
[Result "0-1"]
[WhiteElo "1400"]
[BlackElo "1869"]
[PlyCount "76"]
[EventDate "2018.??.??"]
[Source "ChessBase"]
[SourceDate "2007.09.04"]

1. Nf3 c5 2. c4 Nc6 3. Nc3 g6 4. g3 Bg7 5. Bg2 d6 6. O-O e6 7. e3 Nge7 8. a3
O-O 9. Qc2 Bd7 10. b3 a6 11. Rb1 Rc8 12. Ne4 Qc7 13. Bb2 e5 14. h4 f5 15. Neg5
h6 16. Nh3 b5 17. d3 Nd8 18. Kh1 Ne6 19. Rg1 Bc6 20. Nh2 g5 21. f4 g4 22. Nf2
h5 23. e4 exf4 24. gxf4 g3 25. Bh3 gxh2 26. Qe2 hxg1=Q+ 27. Rxg1 Nd4 28. Qxh5
Rf7 29. Bxd4 cxd4 30. Qg5 Kf8 31. Kh2 Bd7 32. h5 Qd8 33. h6 Bh8 34. exf5 Bxf5
35. Bxf5 Nxf5 36. Qg8+ Ke7 37. Qg2 Kd7 38. Ne4 Qh4+ 0-1

[Event "Mechanics' Spring TNM; G/2 d5"]
[Site "San Francisco"]
[Date "2018.03.20"]
[Round "1.20"]
[White "Olson, David R"]
[Black "Kuczek, Kevin W"]
[Result "0-1"]
[WhiteElo "1400"]
[BlackElo "1916"]
[PlyCount "66"]
[EventDate "2018.??.??"]
[Source "ChessBase"]
[SourceDate "2007.09.04"]

1. Nf3 Nf6 2. c4 e6 3. g3 Nc6 4. Bg2 Bc5 5. e3 d5 6. cxd5 exd5 7. O-O O-O 8.
Nc3 Bg4 9. Ne2 Qd7 10. Qc2 Bb6 11. a3 Rac8 12. Nf4 Bf5 13. Qd1 Rfe8 14. b4 Bg4
15. Bb2 d4 16. h3 Bxf3 17. Qxf3 Ne4 18. Rad1 Rcd8 19. b5 Na5 20. d3 Nc3 21.
Bxc3 dxc3 22. Rc1 Nb3 23. Rxc3 Nd2 24. Qxb7 Nxf1 25. Bc6 Qf5 26. Bxe8 Nxe3 27.
Bxf7+ Qxf7 28. fxe3 Bxe3+ 29. Kg2 Qa2+ 30. Kf3 Qf2+ 31. Kg4 h5+ 32. Kxh5 Qxg3
33. Qxc7 g6+ 0-1

[Event "Mechanics' Winter TNM; G/2 d5"]
[Site "San Francisco"]
[Date "2018.02.13"]
[Round "6.37"]
[White "Olson, David R"]
[Black "Lilles, Alex Pierre"]
[Result "0-1"]
[WhiteElo "1400"]
[BlackElo "1591"]
[PlyCount "48"]
[EventDate "2018.??.??"]
[Source "ChessBase"]
[SourceDate "2007.09.04"]

1. Nf3 d5 2. d4 c5 3. Nc3 Nc6 4. e3 Bf5 5. Bb5 e6 6. O-O Bd6 7. Re1 Nf6 8. h3
h6 9. Ne2 c4 10. c3 Qc7 11. Nf4 g5 12. Ne2 Be4 13. Bxc6+ bxc6 14. Ne5 Bxe5 15.
dxe5 Qxe5 16. f4 Qc7 17. Qd4 Qe7 18. Ng3 Rg8 19. Nxe4 Nxe4 20. b4 g4 21. hxg4
Qh4 22. Ba3 Qf2+ 23. Kh2 Rxg4 24. Qh8+ Kd7 0-1

[Event "Mechanics' Winter TNM; G/2 d5"]
[Site "San Francisco"]
[Date "2018.01.16"]
[Round "2.48"]
[White "Olson, David R"]
[Black "McSweeney, Michael"]
[Result "1-0"]
[WhiteElo "1400"]
[BlackElo "813"]
[PlyCount "65"]
[EventDate "2018.??.??"]
[Source "ChessBase"]
[SourceDate "2007.09.04"]

1. Nf3 g6 2. e4 Bg7 3. Bc4 e6 4. Nc3 Ne7 5. d4 c6 6. Bg5 b5 7. Bb3 Ba6 8. d5 b4
9. d6 f6 10. dxe7 Qxe7 11. Bd2 bxc3 12. Bxc3 O-O 13. Qd2 d5 14. O-O-O dxe4 15.
Nd4 Rd8 16. Qe3 Bc8 17. h4 Kh8 18. h5 e5 19. Ne2 Bf5 20. h6 Bf8 21. Ng3 Bg4 22.
Rxd8 Qxd8 23. Qxe4 Bxh6+ 24. Kb1 Nd7 25. Rxh6 Nc5 26. Qe1 Qd6 27. Qd2 Rd8 28.
Qxd6 Rxd6 29. Rh1 e4 30. Bb4 Rd1+ 31. Rxd1 Bxd1 32. Bxc5 f5 33. Bd4# 1-0

[Event "Mechanics' Spring TNM; G/2 d5"]
[Site "San Francisco"]
[Date "2018.04.10"]
[Round "4.42"]
[White "Olson, David R"]
[Black "Morgan, Jerry D"]
[Result "1-0"]
[WhiteElo "1400"]
[BlackElo "1586"]
[PlyCount "43"]
[EventDate "2018.??.??"]
[Source "ChessBase"]
[SourceDate "2007.09.04"]

1. f4 {David plays Bird's Opening against the Birdman, Jerry's nickname in the
TNM for his regular use of 1.f4.} e5 2. d3 Bd6 3. Nf3 exf4 4. Nc3 c6 5. Ne4 Bc7
6. c4 Nf6 7. e3 Nxe4 8. dxe4 Qe7 9. Bd3 fxe3 10. Bxe3 d5 11. Qc2 Ba5+ 12. Bd2
Bxd2+ 13. Qxd2 dxc4 14. Bxc4 Qxe4+ 15. Be2 O-O 16. O-O Bf5 17. Rae1 Qd5 18. Qf4
Qd7 $4 (18... Nd7) 19. Ne5 Qc8 20. Qxf5 f6 21. Bc4+ Kh8 22. Nf7+ 1-0